000
00207nam a22000977a 4500
999
_c
5819
_d
5819
020
_a
978-0133970777
082
_a
005.74
100
_a
Elmasri, Ramez
245
_a
Fundamentals Of Database Systems
942
_c
BK